Dry flower consumer behaviour in Hungary
A quantitative survey was conducted to find up-to-date information about today’s dry flower purchasing behaviour in Hungary. 130 questionnaires were filled in Kecskemet and in Hortus Hungaricus flower exhibition in Budapest. The data was analyzed by SPSS 11.5 statistical package program. Frequencies...
Elmentve itt :
| Szerzők: | |
|---|---|
| Dokumentumtípus: | Cikk |
| Megjelent: |
2013
|
| Sorozat: | Review on agriculture and rural development
2 No. 1 |
| Kulcsszavak: | Virágkötészet, Növénytermesztés, Dísznövények, Közvéleménykutatás, Kérdőíves módszer, Marketing, Fogyasztói magatartás |
| Tárgyszavak: | |
| Online Access: | http://acta.bibl.u-szeged.hu/55239 |
| LEADER | 01845nab a2200241 i 4500 | ||
|---|---|---|---|
| 001 | acta55239 | ||
| 005 | 20240416131223.0 | ||
| 008 | 180615s2013 hu o 0|| eng d | ||
| 022 | |a 2063-4803 | ||
| 040 | |a SZTE Egyetemi Kiadványok Repozitórium |b hun | ||
| 041 | |a eng | ||
| 100 | 1 | |a Baglyas Ferenc | |
| 245 | 1 | 0 | |a Dry flower consumer behaviour in Hungary |h [elektronikus dokumentum] / |c Baglyas Ferenc |
| 260 | |c 2013 | ||
| 300 | |a 126-130 | ||
| 490 | 0 | |a Review on agriculture and rural development |v 2 No. 1 | |
| 520 | 3 | |a A quantitative survey was conducted to find up-to-date information about today’s dry flower purchasing behaviour in Hungary. 130 questionnaires were filled in Kecskemet and in Hortus Hungaricus flower exhibition in Budapest. The data was analyzed by SPSS 11.5 statistical package program. Frequencies and cross tabs were calculated. Multivariate statistics (factor, correspondence analysis) were applied to find latent variables. ANOVA model revealed significant statistic differences. The questionnaires were filled mostly by women. The age and income were evenly distributed in the sample. Another goal of our research was to deep interview wholesaler and retailers. In the conclusions practical management suggestions are provided to both wholesalers and retailers, small and big shops alike. Up to date catalogues, direct marketing, wide choice are the key issues that retailers should consider. | |
| 650 | 4 | |a Társadalomtudományok | |
| 650 | 4 | |a Közgazdasági és gazdálkodástudományok | |
| 695 | |a Virágkötészet, Növénytermesztés, Dísznövények, Közvéleménykutatás, Kérdőíves módszer, Marketing, Fogyasztói magatartás | ||
| 700 | 0 | 1 | |a Dobos Nikolett |e aut |
| 700 | 0 | 1 | |a Kőszegi Irén |e aut |
| 856 | 4 | 0 | |u http://acta.bibl.u-szeged.hu/55239/1/agricul_review_2013_001_suppl_126-130.pdf |z Dokumentum-elérés |